| 000 | 00900nam a2200253Ia 4500 | ||
|---|---|---|---|
| 003 | OSt | ||
| 005 | 20220923210956.0 | ||
| 006 | a|||||r|||| 00| 0 | ||
| 007 | ta | ||
| 008 | Pun | ||
| 020 |
_a8130201100 (hbk) _c150 |
||
| 024 | _a239,952 | ||
| 037 |
_b168, 24/10/2009, H.K. Prakashan _cTextual |
||
| 040 |
_aARTS _cARTS _bPun |
||
| 041 |
_2Pun _aPun |
||
| 082 | _aO153,1:g, P7 | ||
| 100 |
_aਸਿੰਘ, ਰਾਜਿੰਦਰ ਪਾਲ _9156748 |
||
| 245 | 0 | _aਪੰਜਾਬੀ ਸਟੇਜੀ ਕਾਵਿ *ਸਰੂਪ, ਸਿਧਾਂਤ ਤੇ ਸਥਿਤੀ | |
| 260 |
_aਪਟਿਆਲਾ _b ਪੰਜਾਬੀ ਯੂਨੀਵਰਸਿਟੀ _c2007 |
||
| 300 |
_a134ਪੰ _ccm. |
||
| 650 | _aਪੰਜਾਬੀ ਸਾਹਿਤ | ||
| 942 |
_hO153,1:g, P7 _cTEXL _2CC |
||
| 999 |
_c293399 _d293399 |
||